| 000 | 00894nam a2200265 a 4500 | ||
|---|---|---|---|
| 001 | 63844 | ||
| 003 | BD-RjUL | ||
| 005 | 20211209081235.0 | ||
| 008 | 170204r19611960nyuac 001 0 eng d | ||
| 035 | _a(BD-RjUL)63974 | ||
| 040 |
_aDLC _cDLC _dm.c. _dRCD _dBD-RjUL _beng |
||
| 041 | _aeng | ||
| 082 |
_223 _a811.52 _bSER 1960 |
||
| 090 |
_aPS3511.R839 _bZ6 .S484 |
||
| 099 | _aPS3511.R839.Z6 .S484 | ||
| 100 | 1 |
_aSergeant, Elizabeth Shepley, _d1881-1965. _9189561 |
|
| 245 | 1 | 0 |
_aRobert Frost : _bthe trial by existence. _cElizabeth Shepley Sergeant |
| 260 |
_aNew York : _bHolt, Rinehart and Winston , _cc1960 , [printing 1961] |
||
| 300 |
_axxvii, 451 p : _bill. ; _c22 cm. |
||
| 600 | 1 | 0 |
_aFrost, Robert, _d1874-1963. _xCriticism and interpretation. _9190773 |
| 600 | 1 | 0 |
_aFrost, Robert, _d1874-1963. _9190774 |
| 600 | 1 | 0 |
_aFrost, Robert, _9190775 |
| 942 |
_2ddc _cBK |
||
| 999 |
_c63844 _d63844 |
||